Platón : (Registro nro. 30850)

Detalles MARC
000 -LEADER
fixed length control field 02413nam a2200253Ia 4500
003 - CONTROL NUMBER IDENTIFIER
control field CO-CtgCURN
005 - DATE AND TIME OF LATEST TRANSACTION
control field 20250410185359.0
008 - FIXED-LENGTH DATA ELEMENTS--GENERAL INFORMATION
fixed length control field 240905s2015 xx 000 0 und d
040 ## - CATALOGING SOURCE
Original cataloging agency CO-CtgCURN
Language of cataloging spa
Transcribing agency coctgcurn
082 ## - DEWEY DECIMAL CLASSIFICATION NUMBER
Classification number 184
Item number D148
100 ## - MAIN ENTRY--PERSONAL NAME
Personal name Dal Maschio, Eduardo Acín
Relator term autor
245 #0 - TITLE STATEMENT
Title Platón :
Remainder of title la verdad está en otra parte /
Statement of responsibility, etc. Eduardo Acín Dal Maschio
260 ## - PUBLICATION, DISTRIBUTION, ETC.
Place of publication, distribution, etc. España :
Name of publisher, distributor, etc. Bonalletra Alcompas,
Date of publication, distribution, etc. 2015
300 ## - PHYSICAL DESCRIPTION
Extent 140 páginas :
Other physical details tablas, imágenes ;
Dimensions 24 centímetros
500 ## - GENERAL NOTE
General note Incluye índice
504 ## - BIBLIOGRAPHY, ETC. NOTE
Bibliography, etc. note Incluye referencias bibliográficas al pie del texto
505 ## - FORMATTED CONTENTS NOTE
Formatted contents note 1. Vida, obra y contexto -- Vida de Aristóteles: La academia -- Sócrates, o el sabio que no sabia nada : los sofistas, el oráculo de Delfos -- Los ¿diálogos?: los números de Stephamus -- 2. Ser o no ser. La teoría de las formas -- El problema de lo uno y lo múltiple -- Los paradigmas de Zenón -- ¿Qué es la realidad? -- ¿Formas o ideas? -- El mito de la caverna -- 3. El gran Leviatán. La filosofía política -- La republica -- El estado. Origen y organización -- El mejor de los mundos posibles: adoctrinamiento, mentiras y eugenesia -- Utopía -- 4. En cuerpo y alma -- El alma y la inmortalidad -- Platón el saleroso. El dualismo platónico -- Últimos problemas.
520 ## - SUMMARY, ETC.
Summary, etc. Como se nos recuerda en el prefacio, hay quien ha llegado a definir la tradición filosófica europea como "una serie de acotaciones a Platón", mientras que otros reconocen (con amargura) que "la escritura de la historia de la filosofía es platónica". Tal es la importancia de platón que no es exagerado afirmar que no puede entenderse la historia del pensamiento (y por ende muchas de nuestras formas de concebir la realidad, la verdad o el alma) sin conocer las teorías del fundador de La Academia. El objetivo de este libro no es otro que el de acercar al pensamiento del gran filósofo ateniense a través de la exposición de sus principales doctrinas, poniendo especial empeño en iluminar las cuestiones fundamentales y más influyentes. Todo ello sin obviar las críticas y objeciones que han planteado a sus teorías desde Aristóteles hasta nuestros días.
521 ## - TARGET AUDIENCE NOTE
Target audience note AREA BASICA
590 ## - LOCAL NOTE (RLIN)
Local note Todos los programas académicos
650 ## - SUBJECT ADDED ENTRY--TOPICAL TERM
Topical term or geographic name entry element Filosofía política
942 ## - ADDED ENTRY ELEMENTS (KOHA)
Koha item type Libros
Classification part 184
Item part D148
Source of classification or shelving scheme Dewey Decimal Classification
Suppress in OPAC No
Existencias
Withdrawn status Lost status Source of classification or shelving scheme Damaged status Not for loan Collection Home library Current library Shelving location Date acquired Source of acquisition Inventory number Total checkouts Full call number Barcode Date last seen Copy number Price effective from Koha item type Public note
    Dewey Decimal Classification       Miguel Henríquez Castañeda Barranquilla Miguel Henríquez Castañeda Barranquilla General 09/05/2024 Donación IIP 2024 05395   184 D148 05395 09/05/2024 ej.1 09/05/2024 Libros Donado por Rosario Joaquín Reales Vega IIP 2024